| 000 | 01676nam0a2200373 4500 | ||
|---|---|---|---|
| 001 | RU\NLR\bibl\392231 | ||
| 005 | 20250622160958.0 | ||
| 010 |
_a5-7422-0332-2 _9150 |
||
| 021 |
_aRU _b2003-26822 |
||
| 035 | _a(NLR Aleph) 000386513 | ||
| 090 |
_a488607 _c488607 |
||
| 100 | _a20030421d2003 |||y0rusy50 ca | ||
| 101 | 0 | _arus | |
| 102 | _aRU | ||
| 105 | _ay ||||||||| | ||
| 200 | 1 |
_aНиколай Сергеевич Тимашев _fО.Л. Гнатюк |
|
| 210 |
_aСПб. _cИзд-во СПбГПУ _d2003 |
||
| 215 |
_a169 с. _d20 |
||
| 225 | 1 |
_aБиобиблиографическая серия: Выдающиеся ученые СПбГПУ _fМ-во образования Рос. Федерации, С.-Петерб. гос. политехн. ун-т _fОтв. ред. д.т.н., проф. В.Н. Козлов _vВып. 18 |
|
| 300 | _aНа обороте тит.л. авт.: д.социол.н. О.Г. Гнатюк | ||
| 300 | _aНа обл. загл. сер.: Выдающиеся ученые СПбГПУ | ||
| 316 |
_aавтограф _5NLR:С 2003-1/172 |
||
| 320 | _aХронол. указ. тр. Н.С. Тимашева: с. 132-160 | ||
| 600 | 1 |
_aТимашев _bН.С. _f1886 - 1970 _gНиколай Сергеевич _92288269 _3RU\NLR\auth\661370574 |
|
| 600 | 1 |
_aТимашев _bН. С. _f1886-1970 _gНиколай Сергеевич _2psbo |
|
| 686 | _aС51(2)6 | ||
| 686 | _aХ.д(28) | ||
| 700 | 1 |
_aГнатюк _bО. Л. _gОльга Леонидовна _4070 |
|
| 801 | 0 |
_aRU _bNLR _c20030421 _gPSBO |
|
| 801 | 1 |
_aRU _bNLR _c20030421 |
|
| 830 | _aАвт. по автогр. | ||
| 942 | _cBOOK | ||
| 980 | _aNB | ||